000 00276nam a2200121Ia 4500
008 190216s9999||||xx |||||||||||||| ||und||
100 _aPandey.K.M
245 0 _aAdvanced Economic Analysis
260 _bS Chand & Co
_c1979
300 _a476p
650 _aCommerce
942 _cBK
999 _c4381
_d4381